000 00601nam a2200193Ia 4500
005 20250508155737.0
008 008 250505s9999 xx 000 0 eng d
037 _aDissertations
040 _aFEDL
_beng
_cFEDL
041 _aeng
_2eng
084 _a370.15, HUG/DI
_qFEDL
100 _aHugh Agnes M C
_9767393
245 0 _aInvestigation into the causes of underachievement among pupils of superior intellectual potential
260 _c1972
300 _a165p.
546 _aM. Ed. Dissertation (Delhi University)
942 _cDIS
_h370.15, HUG/DI
999 _c1359068
_d1359068